| 000 | 00469nam a22001457a 4500 | ||
|---|---|---|---|
| 020 | _a0-340-56980-8 | ||
| 082 |
_a823 _bBLY/S |
||
| 100 | _aENID BLYTON | ||
| 245 | _aTHE SECRET SEVEN | ||
| 260 |
_aGREAT BRITAIN _bHODDER CHILDRENS BOOK |
||
| 300 | _a94 | ||
| 520 | _aIN THEIR FIRST ADVENTURE, THE SECRET SEVEN ARE ON THE TRAIL OF STRANGE ADVENTURE WHICH LEAD THEM IN DISUISE THROUGH SNOW, TO THE OLD HOUSE, AND A MAN. | ||
| 650 |
_aADVENTURE _zUNITED KINGDOM |
||
| 942 | _cBK | ||
| 999 |
_c215 _d215 |
||